F1, F2, F3, and F1 Academy drivers 2025 - Statistics

General Stats
  • This quiz has been taken 66 times
    27 since last reset
  • The average score is 44 of 89
Answer Stats
Hint Nationality Race Number Answer % Correct
F1, Ferrari Monégasque 16 Charles Leclerc
100%
F1, Mercedes British 63 George Russell
100%
F1, RB French 6 Isack Hadjar
100%
F1, Mercedes Italian 12 Kimi Antonelli
100%
F1, Ferrari British 44 Lewis Hamilton
100%
F1, Haas French 31 Esteban Ocon
96%
F1, Aston Martin Spanish 14 Fernando Alonso
96%
F1, Alpine Argentine 46 Franco Colapinto
96%
F1, Sauber Brazilian 5 Gabriel Bortoleto
96%
F1, Aston Martin Canadian 18 Lance Stroll
96%
F1, Mclaren British 4 Lando Norris
96%
F1, RB Kiwi 30 Liam Lawson
96%
F1, Red Bull Dutch 1, 33 Max Verstappen
96%
F1, Sauber German 27 Nico Hulkenburg
96%
F1, Haas British 87 Ollie Bearman
96%
F1, Mclaren Aussie 81 Oscar Piastri
96%
F1, Alpine French 10 Pierre Gasly
96%
F1, Red Bull Japanese 22 Yuki Tsunoda
96%
F1, Williams Thai 23 Alex Albon
91%
F1, Williams Spanish 55 Carlos Sainz
91%
F2, Campos British 4 Arvid Lindblad
83%
F1 Academy, Prema, Mercedes French 28 Doriane Pin
83%
F2, Hitech Swedish 8 Dino Beganovic
78%
F2, Invicta Italian 1 Leonardo Fornaroli
78%
F2, Dams Indian 12 Kush Maini
70%
F2, MP Dutch 6 Richard Verschoor
70%
F2, Invicta Czech 2 Romain Stanek
70%
F2, Prema Colombian 9 Sebastian Montoya
70%
F2, Rodin Irish 17 Alex Dunne
65%
F2, MP German 5 Oliver Goethe
65%
F2, Art French 14 Victor Martins
65%
F2, Dams American 11 Jak Crawford
61%
F2, Hitech British 7 Luke Browning
61%
F2, Prema Italian 10 Gabreile Mini
57%
F2, AIX Paraguayan 20 Joshua Durksen
57%
F1 Academy, MP, Ferrari Dutch 64 Maya Weug
57%
F3, Campos Bulgarian 12 Nikola Tsolov
57%
F2, Art Japanese 15 Ritomo Miyata
57%
F2, Rodin Belgian 16 Amaury Cordeel
52%
F3, Trident Brazilian 5 Rafael Câmara
52%
F2, AIX British 21 Cian Shields
48%
F3, Campos Spanish 10 Mari Boya
43%
F1 Academy, Campos, Red Bull Ford American 14 Chloe Chambers
39%
F1 Academy, Rodin, Mclaren British 20 Ella Lloyd
39%
F3, Art Aussie 9 James Wharton
39%
F1 Academy, Art, Williams American 57 Lia Block
39%
F3, Rodin Kiwi 23 Louis Sharp
39%
F3, Hitech Norwegian 13 Martinius Stenshorne
39%
F2, Trident Norwegian 23 Martinus Stenshorne
39%
F3, Rodin Polish 24 Roman Bilinski
39%
F3, Dams Singaporean 30 Christian Ho
35%
F1 Academy, Prema, Aston Martin Swiss 78 Tina Hausmann
35%
F3, Prema American 3 Ugo Ugochukwu
35%
F1 Academy, Campos, Red Bull British 21 Alisha Palmowski
30%
F3, Prema Italian 1 Brando Badoer
30%
F3, Campos Thai 11 Tasanapol Inthraphuvasak
30%
F1 Academy, Art, PUMA Brazilian 22 Aurelia Nobels
26%
F3, Trident Austrian 6 Charlie Wurz
26%
F2, Trident Dutch 22 Laurens Van Hoepen
26%
F3, Art Dutch 7 Laurens Van Hoepen
26%
F1 Academy, Prema, Alpine Dutch 3 Nina Gademan
26%
F1 Academy, Campos, RB Brazilian 18 Rafaela Ferreira
26%
F3, Art Finnish 8 Tuukka Taponen
26%
F3, AIX American 27 Brad Benavides
22%
F3, Rodin British 22 Callum Voisin
22%
F1 Academy, Rodin, Charlotte Tilbury British 27 Chloe Chong
22%
F3, Hitech Chinese 15 Gerrard Xie
22%
F2, VAR British 24 John Bennet
22%
F3, MP German 16 Tim Tramnitz
22%
F3, MP French 18 Alessandro Giusti
17%
F3, MP Spanish 17 Bruno del Pino
17%
F1 Academy, Art, Haas American 7 Courtney Crone
17%
F3, Dams Peruvian 29 Matías Zagazeta
17%
F3, Dams Italian 28 Nicola Lacorte
17%
F3, Trident Danish 4 Noah Strømsted
17%
F3, VAR French 19 Théophile Naël
17%
F1 Academy, Rodin, Kick Sauber Austrian 5 Emma Felbermayr
13%
F3, VAR Portuguese 21 Ivan Domingues
13%
F3, Hitech Mexican 14 Jesse Carrasquedo
13%
F1 Academy, MP, F1A Aussie 25 Joanne Ciconte
13%
F3, VAR Mexican 20 Santiago Ramos
13%
F1 Academy, MP, Tommy Hilfiger Danish 12 Alba Laursen
9%
F3, AIX British 25 James Hedley
9%
F3, AIX Italian 26 Nicola Marinangeli
9%
F1 Academy, Hitech, AmEx Canadian 2 Nicole Havrda
9%
F1 Academy, Hitech, TAG Aussie 11 Aiva Anagnostiadis
4%
F2, Campos Spanish 3 Josep Maria Martí
0%
F3, Prema Mexican 2 Noel León
0%
F2, VAR Mexican 25 Rafael Villagómez
0%
No matching quizzes found
Score Distribution
Percent of People with Each Score
Percentile by Number Answered
Your Score History
You have not taken this quiz since the last reset